Normal view
MARC view
Entry Personal Name
001 - CONTROL NUMBER
- control field: 529358
003 - CONTROL NUMBER IDENTIFIER
- control field: OSt
005 - DATE AND TIME OF LATEST TRANSACTION
- control field: 20220930072054.0
008 - FIXED-LENGTH DATA ELEMENTS
- fixed length control field: 220930|| aca||aabn | a|a d
040 ## - CATALOGING SOURCE
- Original cataloging agency: OSt
- Transcribing agency: OSt
100 ## - HEADING--PERSONAL NAME
- Personal name: Chaudhary Sarla
670 ## - SOURCE DATA FOUND
- Source citation: Work cat.: (OSt)863309: Chaudhary Sarla, Reeti kavya mein swachhandutavadi tattva, 1976
